Southville International School and Colleges
Your cart is empty.
  • Cart
  • Lists
    Public lists Eva Luna New books Lux_list list_1
    Your lists Log in to create your own lists
  • Log in to your account
  • Your cookies
  • Search history
Southville International School and Colleges
  • Advanced search
  • Recent comments
  • Most popular
  • Libraries

Log in to your account

Log in with GOOGLE


If you do not have an external account, but do have a local account, you can still log in:

  1. Home
  2. MARC view: Introduction to social work /
Normal view MARC view ISBD view

Introduction to social work / (Record no. 10611)

[ view plain ]
MARC details
000 -LEADER
fixed length control field 00591nam a22002057a 4500
003 - CONTROL NUMBER IDENTIFIER
control field SISC
005 - DATE AND TIME OF LATEST TRANSACTION
control field 20160404105027.0
008 - FIXED-LENGTH DATA ELEMENTS--GENERAL INFORMATION
fixed length control field 130907t xxu||||| |||| 00| 0 eng d
020 ## - INTERNATIONAL STANDARD BOOK NUMBER
International Standard Book Number 0205266479
050 ## - LIBRARY OF CONGRESS CALL NUMBER
Classification number HV 40
Item number .Sk59 1997
082 ## - DEWEY DECIMAL CLASSIFICATION NUMBER
Classification number HS 361
Item number Sk3 1997
100 ## - MAIN ENTRY--PERSONAL NAME
Personal name Skidmore, Rex Austin
9 (RLIN) 17100
245 ## - TITLE STATEMENT
Title Introduction to social work /
Statement of responsibility, etc Rex A. Skidmore
260 ## - PUBLICATION, DISTRIBUTION, ETC. (IMPRINT)
Place of publication, distribution, etc Boston :
Name of publisher, distributor, etc Allyn & Bacon,
Date of publication, distribution, etc c1997.
300 ## - PHYSICAL DESCRIPTION
Extent 402 p. :
Other physical details ill. ;
Dimensions 24 cm.
650 ## - SUBJECT ADDED ENTRY--TOPICAL TERM
Topical term or geographic name as entry element Social Service
9 (RLIN) 13588
650 ## - SUBJECT ADDED ENTRY--TOPICAL TERM
Topical term or geographic name as entry element Social Casework
General subdivision United states
9 (RLIN) 17101
942 ## - ADDED ENTRY ELEMENTS (KOHA)
Source of classification or shelving scheme Library of Congress Classification
Koha item type Books
Holdings
Withdrawn status Lost status Source of classification or shelving scheme Damaged status Home library Current library Shelving location Date acquired Total Checkouts Full call number Barcode Date last seen Copy number Price effective from Koha item type
    Library of Congress Classification   Luxembourg Library Luxembourg Library High School Section 09/07/2013   HV 40 .Sk59 1974 2253 04/04/2016 1 09/07/2013 Books

Introduction to social work /

APA

Skidmore R. A., . (1997). Introduction to social work. Boston: Allyn & Bacon.

Chicago

Skidmore Rex Austin, . 1997. Introduction to social work. Boston: Allyn & Bacon.

Harvard

Skidmore R. A., . (1997). Introduction to social work. Boston: Allyn & Bacon.

MLA

Skidmore Rex Austin, . Introduction to social work. Boston: Allyn & Bacon. 1997.

  • Place hold
  • Print
  • Cite
  • Add to your cart (remove)
  • Save record
    BIBTEX Dublin Core MARCXML MARC (non-Unicode/MARC-8) MARC (Unicode/UTF-8) MARC (Unicode/UTF-8, Standard) MODS (XML) RIS
  • More searches
    Search for this title in:
    Other Libraries (WorldCat) Other Databases (Google Scholar) Online Stores (Bookfinder.com) Open Library (openlibrary.org)

Exporting to Dublin Core...

SOUTHVILLE LIBRARY

Southville International School and Colleges Library

1281 Tropical Ave. Cor. Luxembourg St., BF Homes International, Las Pinas City

Tel. No. 8256374 / 252358 Loc. 117/146

Powered by Koha